[Event "World Chess Olympiad 2018"]
[Site "Batumi"]
[Date "2018.10.01"]
[Round "7"]
[Board "1"]
[WhiteFideId "696358"]
[White "Bellahcene Bilel"]
[BlackFideId "2285525"]
[Black "Anton Guijarro David"]
[Result "1/2-1/2"]
[LiveChessVersion "1.4.8"]
[BlackElo "2639"]
[WhiteElo "2501"]

1. e4 {[%clk 1:30:58]} e5 {[%clk 1:30:47]} 2. Nf3 {[%clk 1:31:24]} Nc6
{[%clk 1:30:58]} 3. Bb5 {[%clk 1:31:52]} a6 {[%clk 1:31:09]} 4. Ba4
{[%clk 1:32:19]} Nf6 {[%clk 1:31:21]} 5. O-O {[%clk 1:32:45]} Nxe4
{[%clk 1:31:10]} 6. d4 {[%clk 1:32:57]} b5 {[%clk 1:31:19]} 7. Bb3
{[%clk 1:33:26]} d5 {[%clk 1:31:25]} 8. dxe5 {[%clk 1:33:52]} Be6
{[%clk 1:31:41]} 9. Qe2 {[%clk 1:34:17]} Nc5 {[%clk 1:30:46]} 10. Rd1
{[%clk 1:34:41]} Nxb3 {[%clk 1:31:11]} 11. axb3 {[%clk 1:35:10]} Be7
{[%clk 1:31:34]} 12. c4 {[%clk 1:35:37]} O-O {[%clk 1:31:59]} 13. cxd5
{[%clk 0:44:27]} Bxd5 {[%clk 1:31:27]} 14. Nc3 {[%clk 0:42:03]} Bxf3
{[%clk 1:31:21]} 15. gxf3 {[%clk 0:42:10]} Qc8 {[%clk 1:31:45]} 16. Nd5
{[%clk 0:36:21]} Bd8 {[%clk 1:28:39]} 17. Qe4 {[%clk 0:32:08]} Ne7
{[%clk 0:56:58]} 18. Bf4 {[%clk 0:26:16]} c6 {[%clk 0:48:39]} 19. Nxe7+
{[%clk 0:24:09]} Bxe7 {[%clk 0:48:31]} 20. Rac1 {[%clk 0:23:06]} Qe6
{[%clk 0:47:03]} 21. Rxc6 {[%clk 0:22:22]} Qxb3 {[%clk 0:47:08]} 22. Rd7
{[%clk 0:22:40]} Rae8 {[%clk 0:44:37]} 23. Rxa6 {[%clk 0:18:34]} Qxb2
{[%clk 0:42:10]} 24. e6 {[%clk 0:16:43]} f5 {[%clk 0:28:15]} 25. Qd5
{[%clk 0:12:26]} Kh8 {[%clk 0:24:45]} 26. Raa7 {[%clk 0:11:51]} Bf6
{[%clk 0:23:25]} 27. e7 {[%clk 0:09:37]} Rg8 {[%clk 0:23:11]} 28. Qxf5
{[%clk 0:06:55]} Bd4 {[%clk 0:20:44]} 29. Rxd4 {[%clk 0:05:32]} Qxd4
{[%clk 0:21:08]} 30. Rb7 {[%clk 0:05:47]} Qf6 {[%clk 0:16:04]} 31. Qe4
{[%clk 0:04:55]} h6 {[%clk 0:12:47]} 32. Kg2 {[%clk 0:04:17]} Rc8
{[%clk 0:10:39]} 33. Rxb5 {[%clk 0:03:20]} 1/2-1/2

[Event "World Chess Olympiad 2018"]
[Site "Batumi"]
[Date "2018.10.01"]
[Round "7"]
[Board "2"]
[WhiteFideId "2210622"]
[White "Perez Candelario Manuel"]
[BlackFideId "7900309"]
[Black "Rizouk Aimen"]
[Result "1-0"]
[LiveChessVersion "1.4.8"]
[BlackElo "2445"]
[WhiteElo "2590"]

1. e4 {[%clk 1:30:57]} d5 {[%clk 1:30:46]} 2. exd5 {[%clk 1:31:19]} Qxd5
{[%clk 1:31:12]} 3. Nc3 {[%clk 1:31:40]} Qa5 {[%clk 1:31:29]} 4. Bc4
{[%clk 1:30:06]} Nf6 {[%clk 1:31:22]} 5. d3 {[%clk 1:29:52]} c6 {[%clk 1:30:30]}
6. Qe2 {[%clk 1:26:36]} Bf5 {[%clk 1:21:01]} 7. Bd2 {[%clk 1:26:54]} Nbd7
{[%clk 1:19:03]} 8. Nb5 {[%clk 1:22:45]} Qxd2+ {[%clk 1:15:54]} 9. Qxd2
{[%clk 1:22:01]} cxb5 {[%clk 1:15:30]} 10. Bxb5 {[%clk 1:22:21]} a6
{[%clk 1:15:52]} 11. Bxd7+ {[%clk 1:18:59]} Bxd7 {[%clk 1:15:31]} 12. Nf3
{[%clk 1:19:06]} Bc6 {[%clk 1:15:50]} 13. Qf4 {[%clk 1:10:38]} O-O-O
{[%clk 1:13:01]} 14. Ne5 {[%clk 1:08:13]} Bxg2 {[%clk 1:13:09]} 15. Rg1
{[%clk 1:06:51]} Bd5 {[%clk 1:13:32]} 1-0

[Event "World Chess Olympiad 2018"]
[Site "Batumi"]
[Date "2018.10.01"]
[Round "7"]
[Board "3"]
[WhiteFideId "7900872"]
[White "Arab Adlane"]
[BlackFideId "2212943"]
[Black "Lopez Martinez Josep Manuel"]
[Result "0-1"]
[LiveChessVersion "1.4.8"]
[BlackElo "2581"]
[WhiteElo "2482"]

1. d4 {[%clk 1:30:55]} d5 {[%clk 1:30:40]} 2. c4 {[%clk 1:31:18]} dxc4
{[%clk 1:31:00]} 3. e3 {[%clk 1:31:14]} e5 {[%clk 1:31:09]} 4. Bxc4
{[%clk 1:31:27]} Nc6 {[%clk 1:31:11]} 5. Nf3 {[%clk 1:28:40]} e4 {[%clk 1:31:28]}
6. Nfd2 {[%clk 1:29:02]} Qg5 {[%clk 1:31:44]} 7. Nxe4 {[%clk 1:27:21]} Qxg2
{[%clk 1:32:03]} 8. Ng3 {[%clk 1:27:45]} Nf6 {[%clk 1:32:12]} 9. Bf1
{[%clk 1:23:03]} Qd5 {[%clk 1:28:33]} 10. Nc3 {[%clk 1:23:20]} Bb4
{[%clk 1:27:46]} 11. Bd2 {[%clk 1:23:16]} Qd8 {[%clk 1:16:39]} 12. Bg2
{[%clk 1:20:47]} O-O {[%clk 1:16:34]} 13. Nce4 {[%clk 1:17:09]} Nxe4
{[%clk 1:14:15]} 14. Bxe4 {[%clk 1:17:28]} Bxd2+ {[%clk 1:13:33]} 15. Qxd2
{[%clk 1:17:53]} f5 {[%clk 1:13:13]} 16. Bxc6 {[%clk 1:15:40]} bxc6
{[%clk 1:13:36]} 17. Ne2 {[%clk 1:16:06]} f4 {[%clk 1:08:43]} 18. O-O-O
{[%clk 1:09:26]} fxe3 {[%clk 1:06:00]} 19. fxe3 {[%clk 1:09:45]} Bg4
{[%clk 0:54:36]} 20. Rdf1 {[%clk 1:07:26]} Qh4 {[%clk 0:47:32]} 21. Nc3
{[%clk 0:53:28]} Rae8 {[%clk 0:46:34]} 22. Rhg1 {[%clk 0:52:02]} Bh3
{[%clk 0:41:24]} 23. Rxf8+ {[%clk 0:42:53]} Rxf8 {[%clk 0:41:43]} 24. Nd1
{[%clk 0:37:48]} Bg4 {[%clk 0:31:05]} 25. Qe1 {[%clk 0:23:33]} Qxe1
{[%clk 0:30:55]} 26. Rxe1 {[%clk 0:24:00]} h5 {[%clk 0:31:01]} 27. Kd2
{[%clk 0:22:51]} Rf3 {[%clk 0:31:12]} 28. Kc3 {[%clk 0:21:32]} Kf7
{[%clk 0:30:25]} 29. Kb4 {[%clk 0:21:13]} Rh3 {[%clk 0:29:01]} 30. Kc5
{[%clk 0:20:48]} Rxh2 {[%clk 0:29:11]} 31. Kxc6 {[%clk 0:21:07]} Rc2+
{[%clk 0:27:00]} 32. Nc3 {[%clk 0:20:47]} Rxb2 {[%clk 0:27:11]} 33. Rf1+
{[%clk 0:16:09]} Ke8 {[%clk 0:27:21]} 34. Nd5 {[%clk 0:15:16]} Rc2+
{[%clk 0:27:05]} 35. Kb7 {[%clk 0:15:33]} c6 {[%clk 0:26:56]} 36. Nf4
{[%clk 0:14:39]} Kd7 {[%clk 0:23:03]} 37. Nd3 {[%clk 0:15:01]} Kd6
{[%clk 0:22:39]} 38. Rf7 {[%clk 0:14:06]} Rg2 {[%clk 0:21:13]} 39. Kxa7
{[%clk 0:08:18]} Be6 {[%clk 0:21:22]} 40. Rb7 {[%clk 0:37:32]} h4
{[%clk 0:50:36]} 41. e4 {[%clk 0:36:51]} g5 {[%clk 0:44:00]} 42. Rg7
{[%clk 0:28:45]} h3 {[%clk 0:41:07]} 43. a4 {[%clk 0:26:41]} h2 {[%clk 0:39:48]}
44. Nc5 {[%clk 0:24:13]} Bh3 {[%clk 0:34:42]} 45. Rf7 {[%clk 0:18:45]} Rb2
{[%clk 0:31:40]} 0-1

[Event "World Chess Olympiad 2018"]
[Site "Batumi"]
[Date "2018.10.01"]
[Round "7"]
[Board "4"]
[WhiteFideId "2226332"]
[White "Ibarra Jerez Jose Carlos"]
[BlackFideId "7901810"]
[Black "Oussedik Mahfoud"]
[Result "1-0"]
[LiveChessVersion "1.4.8"]
[BlackElo "2318"]
[WhiteElo "2564"]

1. e4 {[%clk 1:30:41]} c5 {[%clk 1:29:02]} 2. Ne2 {[%clk 1:30:39]} d6
{[%clk 1:29:23]} 3. g3 {[%clk 1:30:43]} Nc6 {[%clk 1:29:47]} 4. Bg2
{[%clk 1:30:54]} g6 {[%clk 1:30:12]} 5. c3 {[%clk 1:31:14]} Bg7 {[%clk 1:30:38]}
6. d4 {[%clk 1:31:08]} cxd4 {[%clk 1:22:28]} 7. cxd4 {[%clk 1:31:11]} Bg4
{[%clk 1:17:45]} 8. f3 {[%clk 1:28:52]} Bd7 {[%clk 1:15:03]} 9. Nbc3
{[%clk 1:26:20]} Nf6 {[%clk 1:14:52]} 10. O-O {[%clk 1:24:05]} O-O
{[%clk 1:14:30]} 11. h3 {[%clk 1:17:12]} Qb6 {[%clk 1:03:08]} 12. f4
{[%clk 1:04:31]} Rfd8 {[%clk 0:58:21]} 13. Kh2 {[%clk 1:01:36]} Qa6
{[%clk 0:51:38]} 14. Be3 {[%clk 0:48:45]} Bg4 {[%clk 0:50:06]} 15. d5
{[%clk 0:43:10]} Nb4 {[%clk 0:47:29]} 16. Bd4 {[%clk 0:40:06]} Bxe2
{[%clk 0:47:36]} 17. Nxe2 {[%clk 0:40:26]} Rac8 {[%clk 0:45:22]} 18. Bc3
{[%clk 0:37:45]} Nd3 {[%clk 0:37:50]} 19. Rf3 {[%clk 0:35:10]} Nc5
{[%clk 0:35:20]} 20. Re3 {[%clk 0:34:36]} Nfd7 {[%clk 0:28:50]} 21. Bxg7
{[%clk 0:28:14]} Kxg7 {[%clk 0:29:15]} 22. Nc3 {[%clk 0:28:20]} Qb6
{[%clk 0:26:33]} 23. Qe2 {[%clk 0:25:19]} Qb4 {[%clk 0:21:50]} 24. a3
{[%clk 0:22:14]} Qb6 {[%clk 0:21:33]} 25. b4 {[%clk 0:18:23]} Na6
{[%clk 0:08:12]} 26. Rd1 {[%clk 0:16:18]} Kg8 {[%clk 0:07:49]} 27. e5
{[%clk 0:15:30]} Nf8 {[%clk 0:01:51]} 28. Ne4 {[%clk 0:14:05]} dxe5
{[%clk 0:02:08]} 29. fxe5 {[%clk 0:14:20]} Rc2 {[%clk 0:02:29]} 30. Qxc2
{[%clk 0:14:08]} Qxe3 {[%clk 0:02:54]} 31. b5 {[%clk 0:10:54]} Nb8
{[%clk 0:01:10]} 32. Qc7 {[%clk 0:11:03]} Re8 {[%clk 0:01:37]} 33. e6
{[%clk 0:10:55]} fxe6 {[%clk 0:01:34]} 34. dxe6 {[%clk 0:10:46]} Kg7
{[%clk 0:01:51]} 35. Nd6 {[%clk 0:10:50]} 1-0

[Event "World Chess Olympiad 2018"]
[Site "Batumi"]
[Date "2018.10.01"]
[Round "7"]
[Board "1"]
[WhiteFideId "927031"]
[White "Popovic Dusan"]
[BlackFideId "14109603"]
[Black "Karjakin Sergey"]
[Result "1/2-1/2"]
[LiveChessVersion "1.4.8"]
[BlackElo "2760"]
[WhiteElo "2517"]

1. e4 {[%clk 1:30:57]} c5 {[%clk 1:30:56]} 2. Nf3 {[%clk 1:31:22]} d6
{[%clk 1:31:23]} 3. d4 {[%clk 1:31:42]} cxd4 {[%clk 1:31:47]} 4. Nxd4
{[%clk 1:32:08]} Nf6 {[%clk 1:32:11]} 5. Nc3 {[%clk 1:32:34]} a6 {[%clk 1:32:37]}
6. Be2 {[%clk 1:32:45]} e5 {[%clk 1:32:51]} 7. Nf3 {[%clk 1:32:43]} Be7
{[%clk 1:30:46]} 8. Bg5 {[%clk 1:32:23]} Nbd7 {[%clk 1:25:24]} 9. a4
{[%clk 1:31:55]} h6 {[%clk 1:20:28]} 10. Bxf6 {[%clk 1:30:41]} Nxf6
{[%clk 1:20:54]} 11. Bc4 {[%clk 1:31:05]} Be6 {[%clk 1:19:51]} 12. Bb3
{[%clk 1:30:44]} O-O {[%clk 1:16:51]} 13. O-O {[%clk 1:30:44]} Rc8
{[%clk 1:15:20]} 14. Qe2 {[%clk 1:29:43]} Qa5 {[%clk 1:05:34]} 15. Nh4
{[%clk 0:59:05]} Bxb3 {[%clk 1:03:26]} 16. cxb3 {[%clk 0:58:41]} g6
{[%clk 1:02:54]} 17. Nf3 {[%clk 0:42:24]} Qb4 {[%clk 0:50:38]} 18. Nd2
{[%clk 0:40:22]} Rfd8 {[%clk 0:48:30]} 19. Qf3 {[%clk 0:25:01]} Rc5
{[%clk 0:39:50]} 20. Rfd1 {[%clk 0:24:23]} h5 {[%clk 0:36:30]} 21. Na2
{[%clk 0:22:46]} Qd4 {[%clk 0:34:42]} 22. Nc3 {[%clk 0:22:42]} Qb4
{[%clk 0:34:04]} 23. Na2 {[%clk 0:23:08]} Qd4 {[%clk 0:28:46]} 24. Nc3
{[%clk 0:23:14]} Qb4 {[%clk 0:26:13]} 25. Na2 1/2-1/2

[Event "World Chess Olympiad 2018"]
[Site "Batumi"]
[Date "2018.10.01"]
[Round "7"]
[Board "3"]
[WhiteFideId "912336"]
[White "Zajic Milan"]
[BlackFideId "4152956"]
[Black "Vitiugov Nikita"]
[Result "1/2-1/2"]
[LiveChessVersion "1.4.8"]
[BlackElo "2726"]
[WhiteElo "2497"]

1. e4 {[%clk 1:30:57]} c5 {[%clk 1:30:55]} 2. Nf3 {[%clk 1:31:25]} Nc6
{[%clk 1:31:20]} 3. d4 {[%clk 1:31:34]} cxd4 {[%clk 1:31:43]} 4. Nxd4
{[%clk 1:32:01]} e6 {[%clk 1:32:08]} 5. Nc3 {[%clk 1:32:14]} Qc7 {[%clk 1:32:17]}
6. Be3 {[%clk 1:30:51]} a6 {[%clk 1:32:41]} 7. Be2 {[%clk 1:29:49]} Nf6
{[%clk 1:30:36]} 8. O-O {[%clk 1:30:04]} Be7 {[%clk 1:30:47]} 9. f4
{[%clk 1:29:58]} d6 {[%clk 1:31:00]} 10. Qe1 {[%clk 1:29:02]} O-O
{[%clk 1:30:47]} 11. Qg3 {[%clk 1:28:39]} Nxd4 {[%clk 1:30:42]} 12. Bxd4
{[%clk 1:29:04]} b5 {[%clk 1:30:58]} 13. a3 {[%clk 1:28:48]} Bb7 {[%clk 1:31:14]}
14. Kh1 {[%clk 1:28:21]} Rad8 {[%clk 1:29:27]} 15. Rae1 {[%clk 1:26:30]} Qd7
{[%clk 1:22:02]} 16. Bd3 {[%clk 1:18:55]} Bc6 {[%clk 1:05:50]} 17. Nd1
{[%clk 1:07:29]} Nh5 {[%clk 0:57:18]} 18. Qg4 {[%clk 0:55:05]} Nf6
{[%clk 0:57:08]} 19. Qg3 {[%clk 0:52:46]} Nh5 {[%clk 0:53:26]} 20. Qg4
{[%clk 0:53:05]} Nf6 {[%clk 0:52:21]} 21. Qg3 {[%clk 0:53:22]} 1/2-1/2

[Event "World Chess Olympiad 2018"]
[Site "Batumi"]
[Date "2018.10.01"]
[Round "7"]
[Board "4"]
[WhiteFideId "4122356"]
[White "Jakovenko Dmitry"]
[BlackFideId "912123"]
[Black "Nenezic Marko"]
[Result "0-1"]
[LiveChessVersion "1.4.8"]
[BlackElo "2495"]
[WhiteElo "2747"]

1. d4 {[%clk 1:30:57]} Nf6 {[%clk 1:30:39]} 2. c4 {[%clk 1:31:24]} g6
{[%clk 1:30:55]} 3. Nc3 {[%clk 1:31:51]} Bg7 {[%clk 1:31:04]} 4. e4
{[%clk 1:32:15]} d6 {[%clk 1:31:25]} 5. Nf3 {[%clk 1:32:42]} O-O {[%clk 1:31:27]}
6. Be2 {[%clk 1:33:10]} e5 {[%clk 1:31:07]} 7. O-O {[%clk 1:33:30]} Na6
{[%clk 1:29:29]} 8. Re1 {[%clk 1:32:21]} c6 {[%clk 1:28:48]} 9. Be3
{[%clk 1:32:45]} exd4 {[%clk 1:18:18]} 10. Nxd4 {[%clk 1:31:29]} Re8
{[%clk 1:18:10]} 11. f3 {[%clk 1:29:56]} Nc5 {[%clk 1:11:41]} 12. Bf1
{[%clk 1:28:11]} a5 {[%clk 1:09:37]} 13. Qd2 {[%clk 1:16:34]} Qe7
{[%clk 1:08:28]} 14. Rad1 {[%clk 1:13:16]} Nfd7 {[%clk 1:06:47]} 15. Nde2
{[%clk 1:05:11]} Be5 {[%clk 1:03:44]} 16. Ng3 {[%clk 0:55:50]} a4
{[%clk 0:59:54]} 17. Bg5 {[%clk 0:50:42]} Qf8 {[%clk 0:58:38]} 18. Bh6
{[%clk 0:51:09]} Qe7 {[%clk 0:57:53]} 19. Bg5 {[%clk 0:51:37]} Qf8
{[%clk 0:58:05]} 20. Bh6 {[%clk 0:52:06]} Qe7 {[%clk 0:58:05]} 21. f4
{[%clk 0:52:31]} Bh8 {[%clk 0:50:56]} 22. a3 {[%clk 0:46:07]} Nb6
{[%clk 0:45:59]} 23. f5 {[%clk 0:39:31]} Be5 {[%clk 0:43:08]} 24. Bf4
{[%clk 0:39:55]} Nbd7 {[%clk 0:35:44]} 25. Nce2 {[%clk 0:34:02]} Nf6
{[%clk 0:31:25]} 26. Bxe5 {[%clk 0:26:54]} dxe5 {[%clk 0:31:39]} 27. Nc1
{[%clk 0:27:14]} b6 {[%clk 0:22:34]} 28. Qb4 {[%clk 0:25:08]} Qc7
{[%clk 0:20:51]} 29. Bd3 {[%clk 0:24:54]} Ba6 {[%clk 0:11:07]} 30. Bc2
{[%clk 0:24:54]} Qa7 {[%clk 0:11:03]} 31. Rd6 {[%clk 0:21:19]} b5
{[%clk 0:09:28]} 32. Kh1 {[%clk 0:21:00]} Ng4 {[%clk 0:09:20]} 33. h3
{[%clk 0:21:03]} Nf2+ {[%clk 0:09:11]} 34. Kh2 {[%clk 0:21:29]} bxc4
{[%clk 0:09:14]} 35. Qd2 {[%clk 0:17:21]} Nfd3 {[%clk 0:08:37]} 36. Bxd3
{[%clk 0:14:43]} Nxd3 {[%clk 0:06:46]} 37. Nxd3 {[%clk 0:06:39]} cxd3
{[%clk 0:07:11]} 38. Rf1 {[%clk 0:03:39]} Qe7 {[%clk 0:05:15]} 39. Rxc6
{[%clk 0:03:06]} Bb5 {[%clk 0:04:00]} 40. f6 {[%clk 0:31:01]} Qf8
{[%clk 0:33:56]} 41. Rc3 {[%clk 0:21:28]} Re6 {[%clk 0:30:57]} 42. Qe3
{[%clk 0:16:13]} Rd8 {[%clk 0:27:10]} 43. Rc5 {[%clk 0:13:52]} Ba6
{[%clk 0:16:40]} 44. Rd5 {[%clk 0:12:32]} Red6 {[%clk 0:16:54]} 45. Rxe5
{[%clk 0:11:50]} d2 {[%clk 0:16:16]} 46. Rd1 {[%clk 0:11:57]} Bc4
{[%clk 0:16:16]} 47. Re7 {[%clk 0:03:54]} Bb3 {[%clk 0:09:09]} 48. e5
{[%clk 0:04:20]} Rd3 {[%clk 0:09:23]} 49. Qa7 {[%clk 0:04:47]} Bxd1
{[%clk 0:04:20]} 50. e6 {[%clk 0:05:14]} Bb3 {[%clk 0:04:00]} 51. Rxf7
{[%clk 0:05:36]} Qh6 {[%clk 0:03:46]} 52. Rxh7 {[%clk 0:02:05]} Qxh7
{[%clk 0:03:05]} 53. f7+ {[%clk 0:02:32]} Kh8 {[%clk 0:01:34]} 54. Qe7
{[%clk 0:02:59]} Qh6 {[%clk 0:00:46]} 55. Qf6+ {[%clk 0:03:25]} Kh7
{[%clk 0:00:43]} 56. e7 {[%clk 0:03:32]} Bxf7 {[%clk 0:00:40]} 57. exd8=Q
{[%clk 0:03:55]} Rxd8 {[%clk 0:01:02]} 58. Qxd8 {[%clk 0:04:21]} Qf4
{[%clk 0:01:01]} 59. Qd7 {[%clk 0:04:02]} Kg7 {[%clk 0:01:14]} 60. Kg1
{[%clk 0:03:23]} Qxg3 {[%clk 0:00:42]} 61. Qd4+ {[%clk 0:03:46]} Kh7
{[%clk 0:01:01]} 62. Qxd2 {[%clk 0:04:11]} Qc7 {[%clk 0:00:56]} 63. Qd4
{[%clk 0:04:07]} Qc4 {[%clk 0:01:18]} 64. Qf6 {[%clk 0:04:19]} Kg8
{[%clk 0:01:30]} 65. Kh2 {[%clk 0:04:42]} Qe4 {[%clk 0:01:36]} 66. Qd8+
{[%clk 0:03:07]} Be8 {[%clk 0:01:51]} 67. Qb8 {[%clk 0:03:24]} Kf7
{[%clk 0:01:59]} 68. Qc7+ {[%clk 0:02:23]} Ke6 {[%clk 0:01:52]} 69. Qc8+
{[%clk 0:02:16]} Kd5 {[%clk 0:01:48]} 70. b3 {[%clk 0:01:39]} Qe5+
{[%clk 0:01:34]} 71. Kh1 {[%clk 0:02:03]} Qe1+ {[%clk 0:01:58]} 72. Kh2
{[%clk 0:02:25]} axb3 {[%clk 0:01:55]} 73. Qb7+ {[%clk 0:02:03]} Kc4
{[%clk 0:01:52]} 74. Qa6+ {[%clk 0:02:24]} Bb5 {[%clk 0:01:53]} 0-1

[Event "World Chess Olympiad 2018"]
[Site "Batumi"]
[Date "2018.10.01"]
[Round "7"]
[Board "1"]
[WhiteFideId "112275"]
[White "Mareco Sandro"]
[BlackFideId "400041"]
[Black "Adams Michael"]
[Result "1/2-1/2"]
[LiveChessVersion "1.4.8"]
[BlackElo "2712"]
[WhiteElo "2649"]

1. Nf3 {[%clk 1:30:57]} d5 {[%clk 1:30:06]} 2. e3 {[%clk 1:31:22]} Nf6
{[%clk 1:30:25]} 3. c4 {[%clk 1:31:48]} e6 {[%clk 1:30:30]} 4. b3
{[%clk 1:32:11]} Bd6 {[%clk 1:29:58]} 5. Bb2 {[%clk 1:30:41]} O-O
{[%clk 1:30:07]} 6. Nc3 {[%clk 1:30:46]} c5 {[%clk 1:24:21]} 7. cxd5
{[%clk 1:24:56]} exd5 {[%clk 1:22:58]} 8. d4 {[%clk 1:24:56]} cxd4
{[%clk 1:17:56]} 9. Nxd4 {[%clk 1:25:12]} Nc6 {[%clk 1:18:09]} 10. Be2
{[%clk 1:21:40]} Nxd4 {[%clk 1:11:41]} 11. Qxd4 {[%clk 1:20:29]} Re8
{[%clk 1:11:51]} 12. Rd1 {[%clk 1:09:55]} Be5 {[%clk 1:09:59]} 13. Qd2
{[%clk 1:09:35]} Bf5 {[%clk 1:06:37]} 14. O-O {[%clk 1:07:37]} Rc8
{[%clk 1:03:04]} 15. Bf3 {[%clk 1:02:44]} Bg4 {[%clk 0:50:10]} 16. Ne2
{[%clk 0:58:06]} Ne4 {[%clk 0:37:30]} 17. Bxe4 {[%clk 0:55:02]} dxe4
{[%clk 0:37:33]} 18. Qxd8 {[%clk 0:53:44]} Rexd8 {[%clk 0:37:42]} 19. Rxd8+
{[%clk 0:54:06]} Rxd8 {[%clk 0:38:09]} 20. Bxe5 {[%clk 0:54:29]} Bxe2
{[%clk 0:38:36]} 21. Rc1 {[%clk 0:54:55]} Rd1+ {[%clk 0:38:51]} 22. Rxd1
{[%clk 0:55:19]} Bxd1 {[%clk 0:39:17]} 23. Kf1 {[%clk 0:55:41]} Bc2
{[%clk 0:39:40]} 24. Bd4 {[%clk 0:55:55]} Bb1 {[%clk 0:38:15]} 25. Bxa7
{[%clk 0:55:50]} Bxa2 {[%clk 0:38:39]} 26. b4 {[%clk 0:56:17]} Bc4+
{[%clk 0:38:56]} 27. Ke1 {[%clk 0:56:43]} Kf8 {[%clk 0:38:55]} 28. Bc5+
{[%clk 0:57:03]} Ke8 {[%clk 0:39:21]} 29. f4 {[%clk 0:57:28]} exf3
{[%clk 0:39:39]} 30. gxf3 {[%clk 0:57:53]} Kd7 {[%clk 0:40:06]} 31. Kf2
{[%clk 0:58:15]} 1/2-1/2

[Event "World Chess Olympiad 2018"]
[Site "Batumi"]
[Date "2018.10.01"]
[Round "7"]
[Board "2"]
[WhiteFideId "404853"]
[White "McShane Luke J"]
[BlackFideId "108049"]
[Black "Flores Diego"]
[Result "1-0"]
[LiveChessVersion "1.4.8"]
[BlackElo "2621"]
[WhiteElo "2672"]

1. e4 {[%clk 1:30:56]} c5 {[%clk 1:29:32]} 2. Nf3 {[%clk 1:31:20]} e6
{[%clk 1:29:29]} 3. g3 {[%clk 1:31:43]} Nc6 {[%clk 1:28:38]} 4. Bg2
{[%clk 1:31:58]} Nf6 {[%clk 1:28:04]} 5. d3 {[%clk 1:32:22]} d5 {[%clk 1:26:41]}
6. Qe2 {[%clk 1:32:43]} b6 {[%clk 1:21:36]} 7. O-O {[%clk 1:31:53]} Bb7
{[%clk 1:21:23]} 8. Re1 {[%clk 1:20:58]} Be7 {[%clk 1:20:34]} 9. Na3
{[%clk 1:19:19]} a6 {[%clk 1:08:11]} 10. c3 {[%clk 1:11:53]} c4 {[%clk 0:51:10]}
11. exd5 {[%clk 0:51:59]} cxd3 {[%clk 0:51:05]} 12. dxc6 {[%clk 0:32:34]} dxe2
{[%clk 0:50:56]} 13. cxb7 {[%clk 0:33:01]} Rb8 {[%clk 0:50:44]} 14. Ne5
{[%clk 0:33:25]} Qc7 {[%clk 0:23:06]} 15. Bf4 {[%clk 0:29:08]} Bd6
{[%clk 0:06:40]} 16. Nac4 {[%clk 0:26:35]} Bxe5 {[%clk 0:06:37]} 17. Bxe5
{[%clk 0:21:26]} Qxc4 {[%clk 0:07:05]} 18. Bxb8 {[%clk 0:14:10]} Ke7
{[%clk 0:07:31]} 19. b3 {[%clk 0:14:17]} Qd3 {[%clk 0:06:35]} 20. Be5
{[%clk 0:08:01]} Nd7 {[%clk 0:06:45]} 21. Bxg7 {[%clk 0:08:24]} Rb8
{[%clk 0:05:43]} 22. Rab1 {[%clk 0:06:07]} f6 {[%clk 0:05:46]} 23. Bh6
{[%clk 0:05:38]} Nc5 {[%clk 0:05:17]} 24. Rb2 {[%clk 0:04:22]} Nxb7
{[%clk 0:01:22]} 25. Rbxe2 {[%clk 0:04:39]} e5 {[%clk 0:01:45]} 26. Be3
{[%clk 0:04:10]} Nd6 {[%clk 0:01:47]} 27. c4 {[%clk 0:03:43]} Nf5
{[%clk 0:01:19]} 28. Be4 {[%clk 0:02:11]} Qd7 {[%clk 0:01:48]} 29. Rd2
{[%clk 0:01:55]} Qc8 {[%clk 0:02:00]} 30. Bxf5 {[%clk 0:01:21]} Qxf5
{[%clk 0:02:28]} 31. b4 {[%clk 0:01:22]} h5 {[%clk 0:01:24]} 32. h4
{[%clk 0:01:37]} Rc8 {[%clk 0:00:43]} 33. Rc1 {[%clk 0:00:49]} Qe4
{[%clk 0:01:11]} 34. Rdc2 {[%clk 0:00:43]} Rc6 {[%clk 0:01:13]} 35. a4
{[%clk 0:00:56]} b5 {[%clk 0:01:36]} 36. axb5 {[%clk 0:01:06]} axb5
{[%clk 0:02:05]} 37. Bc5+ {[%clk 0:01:32]} Kf7 {[%clk 0:00:51]} 38. cxb5
{[%clk 0:02:01]} Rc8 {[%clk 0:00:47]} 39. Rd2 {[%clk 0:01:21]} f5
{[%clk 0:01:07]} 40. Rd7+ {[%clk 0:30:45]} Ke6 {[%clk 0:30:52]} 41. Rcd1
{[%clk 0:26:13]} f4 {[%clk 0:29:46]} 42. g4 {[%clk 0:26:26]} 1-0